[Event "Druzynowe Mistrzostwa Polski Juniorow - II Liga"]
[Site "Iwonicz"]
[Date "2016-07-31"]
[Round "8.80"]
[White "Franek, Krzysztof"]
[Black "Charczenko, Dominik"]
[Result "0-1"]
[WhiteTitle "III"]
[BlackTitle "II"]
[WhiteElo "1134"]
[BlackElo "1596"]

1. d4 d5 2. Nf3 Nf6 3. Bf4 Bf5 4. e3 e6 5. Be2 a6 6. h3 h6 7. O-O c5 8. c3 Nc6
9. Bd3 Bxd3 10. Qxd3 c4 11. Qc2 Bd6 12. Bxd6 Qxd6 13. Nbd2 O-O 14. Rfe1 b5 15.
e4 dxe4 16. Nxe4 Nxe4 17. Rxe4 Rae8 18. Rae1 f5 19. R4e3 Rf6 20. Ne5 Qd5 21. f4
Rd8 22. Rd1 Nxe5 23. fxe5 Rg6 24. Qf2 f4 25. Rf3 Rf8 26. Re1 Rg5 27. Re2 Rgf5
28. Qh4 Kh7 29. Qf2 g5 30. Qf1 h5 31. Qb1 Kg7 32. Qf1 Kf7 33. g4 fxg3 34. Rxf5+
exf5 35. Qxf5+ Ke8 36. Qc8+ Ke7 37. Qc7+ Ke6 38. Qd6+ Qxd6 39. exd6+ Kxd6 40.
Kg2 h4 41. Kg1 Rf5 42. Kg2 a5 43. a3 b4 44. a4 bxc3 45. bxc3 Kc6 46. Re6+ Kd5
47. Re2 Kd6 48. Rd2 Ke6 49. Re2+ Kf6 50. Re1 Rf2+ 51. Kg1 Kf5 52. Rf1 Rxf1+ 53.
Kxf1 g4 54. hxg4+ Kxg4 55. Kg1 h3 0-1

[Event "Druzynowe Mistrzostwa Polski Juniorow - II Liga"]
[Site "Iwonicz"]
[Date "2016-07-31"]
[Round "8.81"]
[White "Hasterok, Lukasz"]
[Black "Goszyk, Bartosz"]
[Result "1/2-1/2"]
[WhiteTitle "III"]
[BlackTitle "III"]
[WhiteElo "1185"]
[BlackElo "1126"]

1. e4 c5 2. Nf3 d6 3. d4 cxd4 4. Nxd4 Nf6 5. Nc3 g6 6. Bd3 Bg7 7. Nde2 Nc6 8. Be3
Be6 9. O-O O-O 10. h3 a6 11. Qd2 Re8 12. Nf4 Bd7 13. Rab1 Qc7 14. Ncd5 Nxd5 15.
Nxd5 Qd8 16. Bb6 Qc8 17. Nc7 Be6 18. Nxa8 Qxa8 19. a3 Ne5 20. Be3 Nxd3 21. cxd3
b5 22. b4 Qb7 23. Bh6 Bh8 24. Rfc1 Qd7 25. Bf4 Bd4 26. Be3 Be5 27. f4 Bg7 28.
Qf2 Ra8 29. Rc2 Qd8 30. Rbc1 Bc8 31. Bb6 Qe8 32. Bd4 Bf8 33. Bb2 f6 34. Qd4 Be6
35. f5 Bf7 36. g4 g5 37. Qb6 d5 38. Qb7 Qd8 39. Qc7 Qe8 40. Rc6 dxe4 41. dxe4
Bc4 42. Rd1 h6 43. e5 Bg7 44. exf6 exf6 45. Rd7 Qe3+ 1/2-1/2

[Event "Druzynowe Mistrzostwa Polski Juniorow - II Liga"]
[Site "Iwonicz"]
[Date "2016-07-31"]
[Round "8.85"]
[White "Sloniewski, Kacper"]
[Black "Szustakowski, Antoni"]
[Result "0-1"]
[WhiteTitle "II"]
[BlackTitle "I++"]
[WhiteElo "1168"]
[BlackElo "2033"]

1. c4 Nf6 2. g3 c5 3. Bg2 d5 4. cxd5 Nxd5 5. Nc3 Nc7 6. Nf3 Nc6 7. O-O e5 8. e3
Be7 9. h3 Bf5 10. a3 Bd3 11. Re1 O-O 12. e4 Qd7 13. b3 Rad8 14. Bb2 Qe6 15. Re3
c4 16. b4 Nd4 17. Ne1 Nb3 18. Nxd3 cxd3 19. Nd5 Nxa1 20. Nxe7+ Qxe7 21. Qxa1 f6
22. Bf1 Ne6 23. Qa2 Kh8 24. Rxd3 Rxd3 25. Bxd3 Rd8 26. Qc4 Ng5 27. Kg2 Qd7 28.
Be2 Qxh3+ 29. Kg1 Qd7 30. Bc3 Nf7 31. Bg4 Qxg4 32. Qxf7 Qd7 33. Qc4 Rc8 34. Qe2
Qa4 35. Qg4 Rg8 36. f4 exf4 37. Qxf4 Qc6 38. e5 fxe5 39. Qxe5 Qg6 40. Kg2 Re8
41. Qf4 Qe4+ 42. Qxe4 Rxe4 43. Kf3 Re7 44. a4 Kg8 45. a5 a6 46. Kf4 Kf7 47. g4
h6 48. Kf5 g6+ 49. Kf4 Re1 50. Kg3 g5 51. Kg2 Kg6 52. Kf2 Re6 53. Kf3 h5 54. d4
hxg4+ 55. Kxg4 Re3 56. Bb2 Rb3 57. Bc1 Rxb4 58. Be3 Rb5 59. Bd2 Rb2 60. Bxg5 Rg2+
61. Kf4 0-1

[Event "Druzynowe Mistrzostwa Polski Juniorow - II Liga"]
[Site "Iwonicz"]
[Date "2016-07-31"]
[Round "8.86"]
[White "Kozlowski, Bartlomiej"]
[Black "Nowacka, Dorota"]
[Result "0-1"]
[WhiteTitle "II"]
[BlackTitle "I"]
[WhiteElo "1474"]
[BlackElo "1415"]

1. e4 e6 2. d4 d5 3. e5 c5 4. c3 Nc6 5. Nf3 Qb6 6. Qb3 c4 7. Qxb6 axb6 8. Be2 f6
9. Be3 b5 10. O-O b4 11. Nbd2 b5 12. Rfc1 h6 13. a3 bxa3 14. bxa3 Rxa3 15. Rxa3
Bxa3 16. Rc2 b4 17. Nb1 b3 18. Rd2 Bc1 19. Rd1 Bxe3 20. fxe3 g5 21. exf6 Nxf6
22. Nfd2 Rh7 23. Rf1 Ke7 24. h3 Bd7 25. Bf3 Na5 26. Rf2 Rh8 27. e4 Bc6 28. exd5
exd5 29. Re2+ Kd6 30. Re5 Re8 31. Rxe8 Bxe8 32. g4 Bg6 33. Kf2 Nd7 34. Bd1 Nb6
35. Ke1 Na4 36. Kf2 Nb2 37. Bf3 Nd3+ 38. Ke3 Nf4 39. Bd1 Nxh3 40. Bf3 Nf4 41.
Kf2 b2 42. Bd1 Nd3+ 43. Ke3 Nc1 44. Na3 Ncb3 45. Ndb1 Nc1 46. Kd2 Nd3 47. Bc2
Be4 48. Ke3 Ke6 49. Bd1 Nb7 50. Ke2 Nd6 51. Kf1 Bg6 52. Kg2 Ne4 53. Kf3 Nc1 54.
Ke3 Na2 55. Nb5 Nexc3 56. N1xc3 Nxc3 57. Nxc3 b1=Q 58. Nxb1 Bxb1 59. Kd2 Kd6 60.
Kc3 Be4 61. Kb4 Kc6 62. Be2 Kb6 63. Bd1 Bg6 64. Be2 Be8 65. Bf3 Bc6 66. Bd1 Bb5
67. Bf3 Kc6 68. Bd1 Ba6 69. Bf3 Bc8 70. Bd1 Kd6 71. Bf3 Be6 72. Kc3 Ke7 73. Kb4
Kf7 74. Bd1 Kf6 75. Bf3 Kg6 76. Bd1 h5 77. gxh5+ Kh6 78. Kc5 g4 79. Kd6 g3 80.
Kxe6 g2 81. Kxd5 c3 82. Kc4 g1=Q 83. Bc2 Qe3 84. Bd1 Qd2 85. Bb3 c2 86. Bxc2 Qxc2+
87. Kd5 Qc7 88. Ke4 Kxh5 89. Kd3 Qd6 90. Ke4 Kg5 0-1

[Event "Druzynowe Mistrzostwa Polski Juniorow - II Liga"]
[Site "Iwonicz"]
[Date "2016-07-31"]
[Round "8.89"]
[White "Dabrowska, Aleksandra"]
[Black "Reszka, Zofia"]
[Result "1-0"]
[WhiteTitle "I"]
[BlackTitle "II+"]
[WhiteElo "1371"]
[BlackElo "1127"]

1. e4 c5 2. Nf3 e6 3. Nc3 a6 4. d4 cxd4 5. Nxd4 Qc7 6. Bd3 b5 7. O-O Bb7 8. Nce2
Nf6 9. Ng3 Bc5 10. Nf3 Nc6 11. b3 O-O 12. Bb2 e5 13. Qd2 d6 14. a3 Rfd8 15. Nf5
h6 16. Qe2 b4 17. a4 a5 18. Bc4 Ne7 19. Nxe7+ Qxe7 20. Bd3 Rac8 21. Nh4 Bb6 22.
Nf5 Qc7 23. Qf3 h5 24. Qg3 g6 25. Qh4 Ne8 26. Ne7+ Kg7 27. Nxc8 Rxc8 28. Qg3 Nf6
29. Rae1 Rd8 30. h3 Nd7 31. Kh1 Nc5 32. f4 f6 33. Qf3 d5 34. fxe5 fxe5 35. Qf6+
Kg8 36. Bxe5 Qh7 37. Qxb6 Rc8 38. exd5 Bxd5 39. Qxg6+ Qxg6 40. Bxg6 Rc6 41. Bxh5
Be4 42. Bf7+ Kh7 43. Rc1 Nd7 44. Bg3 Bxc2 45. Be8 Rc3 46. Bxd7 Rxg3 47. Rxc2 Rxb3
48. Kh2 Rd3 49. Bf5+ Kg7 50. Bxd3 Kh8 51. Rf7 Kg8 52. Ra7 b3 53. Rc8# 1-0

[Event "Druzynowe Mistrzostwa Polski Juniorow - II Liga"]
[Site "Iwonicz"]
[Date "2016-07-31"]
[Round "9.1"]
[White "Molenda, Marcin"]
[Black "Wisniewski, Jacek"]
[Result "1-0"]
[WhiteTitle "k"]
[BlackTitle "k"]
[WhiteElo "2267"]
[BlackElo "1989"]

1. d4 d5 2. c4 Nc6 3. Nf3 Bg4 4. e3 e5 5. dxe5 dxc4 6. Qa4 Qd7 7. Bxc4 Bxf3 8.
gxf3 Nxe5 9. Qxd7+ Kxd7 10. Be2 Bb4+ 11. Bd2 Bxd2+ 12. Nxd2 Nf6 13. f4 Ng6 14.
Rg1 Rhg8 15. O-O-O Ke7 16. Bf3 c6 17. Nb3 Rac8 18. Nd4 Nh4 19. Bh1 g6 20. Rg5
Nd7 21. Ra5 a6 22. e4 c5 23. Ne2 f5 24. e5 Rc7 25. Nc3 Nb6 26. Rd6 Nc4 27. Nd5+
Kf8 28. Rd8+ Kg7 29. Rxg8+ Kxg8 30. Ra4 1-0

[Event "Druzynowe Mistrzostwa Polski Juniorow - II Liga"]
[Site "Iwonicz"]
[Date "2016-07-31"]
[Round "9.2"]
[White "Maminski, Hubert"]
[Black "Drozniak, Stanislaw"]
[Result "0-1"]
[WhiteTitle "I"]
[BlackTitle "I++"]
[WhiteElo "1801"]
[BlackElo "2135"]

1. d4 Nf6 2. c4 g6 3. Nc3 Bg7 4. e4 O-O 5. Bd3 d6 6. Nge2 Nc6 7. O-O e5 8. d5 Ne7
9. f3 Ne8 10. Be3 f5 11. exf5 gxf5 12. Rc1 Kh8 13. b4 Nf6 14. Qb3 c6 15. dxc6
bxc6 16. b5 d5 17. Bc5 d4 18. Qa3 Re8 19. Na4 cxb5 20. cxb5 Ned5 21. Bc4 Ne3 22.
Bf7 Nxf1 23. Bxe8 Qxe8 24. Kxf1 Bd7 25. f4 Bxb5 26. Nb2 Ng4 27. h3 Bxe2+ 28. Kxe2
exf4+ 29. Kf1 Ne3+ 30. Kf2 Qe4 31. Rg1 Nc2 32. Qd3 Qe3+ 33. Qxe3 dxe3+ 34. Kf3
Bxb2 35. Rb1 Bf6 36. Rc1 Nd4+ 37. Bxd4 Bxd4 38. Kxf4 e2 39. Re1 Re8 40. Kf3 Bc3
41. Rxe2 Rxe2 42. Kxe2 Kg7 43. Ke1 0-1

[Event "Druzynowe Mistrzostwa Polski Juniorow - II Liga"]
[Site "Iwonicz"]
[Date "2016-07-31"]
[Round "9.3"]
[White "Galuszka, Tomasz"]
[Black "Golecki, Jan"]
[Result "0-1"]
[WhiteTitle "II+"]
[BlackTitle "I+"]
[WhiteElo "1768"]
[BlackElo "1758"]

1. e4 c5 2. Nf3 d6 3. d4 cxd4 4. Nxd4 Nf6 5. Nc3 g6 6. Be3 Bg7 7. f3 O-O 8. Qd2
Nc6 9. Bc4 Bd7 10. Bb3 a6 11. O-O-O Rc8 12. Bh6 Nxd4 13. Bxf7+ Rxf7 14. Bxg7 Rxg7
15. Qxd4 Qa5 16. Kb1 Be6 17. Nd5 Bxd5 18. exd5 Qc5 19. Qd2 Nd7 20. f4 Nb6 21.
b3 a5 22. c4 Qb4 23. Qxb4 axb4 24. Rhe1 Nd7 25. Re3 g5 26. Rde1 gxf4 27. Rxe7
Ne5 28. Re6 Rxg2 29. Rd1 f3 30. Rf6 f2 31. Rf1 Rf8 32. Rxf8+ Kxf8 33. Kc2 Ng4
34. Kd2 Nxh2 35. Ke2 Nxf1 36. Kxf1 Rg1+ 37. Kxf2 Ra1 38. Ke3 Rxa2 39. c5 dxc5
40. Kd3 Ke7 41. Kc4 Kd6 42. Kb5 h5 43. Kb6 h4 44. Kb5 h3 45. Kb6 h2 46. Kb5 h1=Q
47. Kb6 Qf1 0-1

[Event "Druzynowe Mistrzostwa Polski Juniorow - II Liga"]
[Site "Iwonicz"]
[Date "2016-07-31"]
[Round "9.4"]
[White "Redzisz, Michal"]
[Black "Gazik, Jakub"]
[Result "1/2-1/2"]
[WhiteTitle "II"]
[BlackTitle "II"]
[WhiteElo "1756"]
[BlackElo "1509"]

1. e4 d5 2. exd5 Qxd5 3. Nc3 Qd6 4. d4 Nf6 5. Nf3 a6 6. g3 b5 7. Bg2 Bb7 8. O-O
Nbd7 9. Bf4 Qb6 10. a4 Rc8 11. axb5 axb5 12. Ne5 Bxg2 13. Kxg2 e6 14. Nxd7 Nxd7
15. d5 e5 16. Qe2 Bd6 17. Be3 Bc5 18. Bxc5 Qxc5 19. Qxb5 Qe7 20. Ra7 O-O 21. Qc6
Nf6 22. Rfa1 Qb4 23. Rb7 Qd6 24. Qxd6 cxd6 25. Ra6 Rfd8 26. Raa7 Rf8 27. Rc7 h6
28. Kf3 Rb8 29. b3 Ra8 30. Ke2 Rxa7 31. Rxa7 Rc8 32. Kd3 Ng4 33. Ne4 f5 34. Nxd6
Nxf2+ 35. Kd2 Rf8 36. c4 Ng4 37. h4 f4 38. gxf4 exf4 1/2-1/2

[Event "Druzynowe Mistrzostwa Polski Juniorow - II Liga"]
[Site "Iwonicz"]
[Date "2016-07-31"]
[Round "9.5"]
[White "Kordela, Monika"]
[Black "Kozaczynska, Aleksandra"]
[Result "0-1"]
[WhiteTitle "I"]
[BlackTitle "I++"]
[WhiteElo "1783"]
[BlackElo "1683"]

1. d4 d5 2. c4 Nc6 3. Nf3 Bg4 4. e3 e5 5. dxe5 dxc4 6. Be2 Bb4+ 7. Bd2 Nge7 8.
Qa4 Nd5 9. Bxb4 Ndxb4 10. O-O O-O 11. h3 Be6 12. Rd1 Qe7 13. a3 Nd5 14. Nbd2 c3
15. Ne4 cxb2 16. Rab1 Nb6 17. Qc2 Qxa3 18. Neg5 g6 19. Nxe6 fxe6 20. Rxb2 a6 21.
Ng5 Rae8 22. Bg4 Qe7 23. Nxe6 Rf7 24. f4 Nb4 25. Qe4 Na4 26. Qxb4 Nxb2 27. Qxb2
h5 28. Qc2 hxg4 29. Qxg6+ Kh8 30. Ng5 Rg7 31. Qh6+ Kg8 32. e6 Qc5 33. Nf7 Qxe3+
34. Kh1 Qxe6 35. Qxe6 Rxe6 36. Ng5 Rxg5 37. fxg5 g3 38. Kg1 Re2 39. Kf1 Rf2+ 40.
Kg1 Rc2 41. Kf1 Kg7 42. Rd3 Kg6 43. Rxg3 Rc4 44. Rb3 b6 45. Ra3 a5 46. Rb3 Kxg5
47. Ke2 Rf4 48. Rc3 c5 49. Rb3 Rf6 50. Rb2 a4 51. Kd3 Rd6+ 52. Kc4 Rd4+ 53. Kb5
a3 54. Ra2 Rb4+ 55. Kc6 Rb3 56. Kd5 b5 57. Kxc5 b4 58. Rd2 Rb2 59. Rd5+ Kf6 60.
Rd6+ Ke7 61. h4 Rc2+ 0-1

[Event "Druzynowe Mistrzostwa Polski Juniorow - II Liga"]
[Site "Iwonicz"]
[Date "2016-07-31"]
[Round "9.7"]
[White "Fus, Jakub"]
[Black "Lizak, Jakub"]
[Result "1-0"]
[WhiteTitle "I++"]
[BlackTitle "k"]
[WhiteElo "2025"]
[BlackElo "2131"]

1. d4 Nf6 2. c4 g6 3. Nc3 d5 4. Nf3 Bg7 5. Qb3 dxc4 6. Qxc4 O-O 7. e4 a6 8. e5
b5 9. Qb3 Nfd7 10. Ng5 Nc6 11. Nxf7 Rxf7 12. e6 Nxd4 13. exf7+ Kf8 14. Qd1 Bb7
15. Be3 c5 16. Ne2 e5 17. Qd2 Kxf7 18. Ng3 Nf6 19. Rc1 c4 20. f3 Nf5 21. Qxd8
Rxd8 22. Nxf5 gxf5 23. Rd1 Nd5 24. Bc1 Rc8 25. Be2 Ke6 26. O-O c3 27. bxc3 Nxc3
28. Rde1 Nxa2 29. Bb2 Nc3 30. Bd3 Bf8 31. g4 fxg4 32. Bf5+ Kxf5 33. fxg4+ Kxg4
34. h3+ Kxh3 35. Re3+ Kg4 36. Rxc3 Bc5+ 37. Kh2 Bd4 38. Rg3+ Kh4 39. Bxd4 exd4
40. Rf4+ Kh5 41. Kh3 Bg2+ 42. Kxg2 Rc1 43. Rf7 h6 44. Rfg7 Rc2+ 45. Kg1 Kh4 46.
R7g4+ Kh5 47. Rxd4 Ra2 48. Rc3 Kg5 49. Rc5+ Kf6 50. Rd6+ Ke7 51. Rxh6 Kd7 52.
Rg5 Ra1+ 53. Kf2 Ra2+ 54. Ke3 Ke7 55. Rg7+ Kf8 56. Ra7 Ra3+ 57. Ke4 Kg8 58. Rb6
Ra4+ 59. Ke5 1-0

[Event "Druzynowe Mistrzostwa Polski Juniorow - II Liga"]
[Site "Iwonicz"]
[Date "2016-07-31"]
[Round "9.8"]
[White "Tustanowski, Mateusz"]
[Black "Jarzebowski, Kacper"]
[Result "1/2-1/2"]
[WhiteTitle "I++"]
[BlackTitle "I+"]
[WhiteElo "1957"]
[BlackElo "1895"]

1. e4 d5 2. exd5 Qxd5 3. Nc3 Qd6 4. d4 Nf6 5. Nf3 Bg4 6. h3 Bxf3 7. Qxf3 c6 8.
Be3 e6 9. O-O-O Nbd7 10. a3 Qc7 11. Bc4 Bd6 12. Ba2 O-O-O 13. Rd2 Nb6 14. Kb1
h6 15. Rhd1 Nbd5 16. Ne4 Nxe4 17. Qxe4 Bxa3 18. Bxd5 cxd5 19. Qd3 Bd6 20. Rc1
Qc4 21. Qxc4+ dxc4 22. d5 exd5 23. Bxa7 Bf4 24. Be3 Bxe3 25. fxe3 Rhe8 26. Rf1
f6 27. Rf3 Kc7 28. b3 b5 29. Kb2 Re5 30. Rg3 Rd7 31. bxc4 bxc4 32. Kc3 Rde7 33.
e4 Kc6 34. exd5+ Kc5 35. d6 Re3+ 36. Rd3 Rxd3+ 37. Rxd3 Rd7 38. Rd4 f5 39. Rxc4+
Kd5 40. Rc7 Kxd6 41. Rxd7+ Kxd7 42. Kd4 Kd6 43. c4 g5 44. c5+ Ke6 45. c6 g4 46.
h4 f4 47. Ke4 f3 48. gxf3 g3 49. Ke3 Kd6 50. f4 Kxc6 51. h5 Kd5 52. Kf3 g2 53.
Kxg2 Ke4 54. Kg3 Kf5 55. Kf3 Ke6 56. Ke4 Kf6 57. f5 Kf7 58. Ke5 Ke7 59. f6+ Kf8
1/2-1/2

[Event "Druzynowe Mistrzostwa Polski Juniorow - II Liga"]
[Site "Iwonicz"]
[Date "2016-07-31"]
[Round "9.9"]
[White "Czernek, Tymon"]
[Black "Kukula, Karol"]
[Result "1/2-1/2"]
[WhiteTitle "I"]
[BlackTitle "II"]
[WhiteElo "1867"]
[BlackElo "1550"]

1. e4 c5 2. Nf3 e6 3. d4 cxd4 4. Nxd4 Nf6 5. Nc3 Nc6 6. Ndb5 Bb4 7. Nd6+ Ke7 8.
Nxc8+ Rxc8 9. Bg5 Qa5 10. Bd2 Ne5 11. Bd3 Nc4 12. Bxc4 Rxc4 13. f3 Rhc8 14. O-O
d5 15. a3 Qb6+ 16. Kh1 Bxc3 17. Bxc3 d4 18. Bb4+ Ke8 19. c3 dxc3 20. Bxc3 Qc6
21. Qd2 Kf8 22. Rad1 Ne8 23. Qe3 b6 24. Rd3 Qb7 25. Rfd1 R4c7 26. Qg5 f6 27. Qh5
Kg8 28. h3 Rf7 29. Qb5 Nc7 30. Rd8+ Rf8 31. Rxf8+ Rxf8 32. Qd7 Qc8 33. Qa4 Rd8
34. Rxd8+ Qxd8 35. Qxa7 Nb5 36. Qa4 Nxc3 37. bxc3 Kf7 38. Kg1 e5 39. Qb3+ Kg6
40. Qc2 Qd6 41. a4 Qc5+ 42. Kh2 Qe3 43. c4 h5 44. h4 Qe1 45. Kh3 Qh1+ 46. Kg3
Qe1+ 47. Qf2 Qb4 48. Qe2 Qxa4 49. Qd3 1/2-1/2

[Event "Druzynowe Mistrzostwa Polski Juniorow - II Liga"]
[Site "Iwonicz"]
[Date "2016-07-31"]
[Round "9.10"]
[White "Szeliga, Sebastian"]
[Black "Baum, Jonasz"]
[Result "0-1"]
[WhiteTitle "II"]
[BlackTitle "I"]
[WhiteElo "1228"]
[BlackElo "1826"]

1. e4 c5 2. Nf3 e6 3. d4 cxd4 4. Nxd4 a6 5. Nc3 Qc7 6. Bd3 Nf6 7. a3 d6 8. Be3
Nbd7 9. h3 b5 10. Qd2 Bb7 11. Rc1 Nc5 12. f3 Be7 13. Nb3 O-O 14. Qf2 Rfc8 15.
Nxc5 dxc5 16. O-O c4 17. Be2 Bd6 18. Kh1 Bg3 19. Qg1 Nh5 20. Bd1 Be5 21. Bf2 Rd8
22. Rb1 Rd2 23. Ne2 Rad8 24. g4 Rxe2 25. Bxe2 Rd2 26. Bd1 Ng3+ 27. Kg2 Bd4 28.
Qh2 Be5 29. Qg1 Nxe4 30. h4 Nxf2 31. Be2 Rxe2 32. Rxf2 Bh2 33. Qf1 Qg3+ 34. Kh1
Rxf2 0-1

[Event "Druzynowe Mistrzostwa Polski Juniorow - II Liga"]
[Site "Iwonicz"]
[Date "2016-07-31"]
[Round "9.11"]
[White "Reda, Patrycja"]
[Black "Wojcik, Jagoda"]
[Result "1/2-1/2"]
[WhiteTitle "I"]
[BlackTitle "I+"]
[WhiteElo "1417"]
[BlackElo "1609"]

1. d4 Nf6 2. Nf3 e6 3. Bg5 h6 4. Bh4 b6 5. Nbd2 Bb7 6. e3 c5 7. c3 Be7 8. Bd3 O-O
9. O-O d6 10. Qc2 Nbd7 11. Rac1 Rc8 12. c4 b5 13. Qd1 cxd4 14. Nxd4 Ne5 15. Be2
bxc4 16. Nxc4 Nc6 17. Bf3 d5 18. Nxc6 Bxc6 19. Ne5 Bb5 20. Rxc8 Qxc8 21. Be2 Qa6
22. Bxb5 Qxb5 23. b3 Rc8 24. h3 Qa5 25. Qa1 g5 26. Bg3 Ne4 27. Ng4 Kh7 28. Be5
Rc2 29. Bh8 Nc3 30. Bxc3 Qxc3 31. Qxc3 Rxc3 32. Rb1 Ba3 33. Kf1 Rc2 34. Ne5 Kg7
35. b4 f6 36. Nd7 Rxa2 37. Rb3 Bb2 38. b5 Be5 39. Nc5 Kf7 40. b6 axb6 41. Rxb6
Rb2 42. Rxe6 Rc2 43. Rc6 Ke7 44. Re6+ Kf7 45. Rc6 d4 46. Nb7 Rxc6 47. Nd8+ Ke6
48. Nxc6 dxe3 49. fxe3 Bg3 50. Ke2 Kd5 51. Ne7+ Ke5 52. Kf3 Be1 53. g4 Bd2 54.
Ng8 Bc3 55. Nxh6 Bb4 56. Nf5 Bc5 57. h4 gxh4 58. Nxh4 Bd6 59. Ng6+ Kd5 60. Nh4
1/2-1/2

[Event "Druzynowe Mistrzostwa Polski Juniorow - II Liga"]
[Site "Iwonicz"]
[Date "2016-07-31"]
[Round "9.12"]
[White "Pisarek, Elzbieta"]
[Black "Tarka, Aleksandra"]
[Result "1-0"]
[WhiteTitle "I"]
[BlackTitle "I"]
[WhiteElo "1351"]
[BlackElo "1449"]

1. e4 c5 2. Nf3 d6 3. d4 cxd4 4. Nxd4 Nf6 5. Nc3 g6 6. Be3 Bg7 7. f3 O-O 8. Qd2
Nc6 9. O-O-O Nxd4 10. Bxd4 Be6 11. Kb1 Qc7 12. h4 Rfc8 13. a3 Qa5 14. Bd3 Rab8
15. h5 b5 16. hxg6 hxg6 17. Qg5 Bc4 18. Bxc4 Rxc4 19. Nd5 Qd8 20. Bxf6 exf6 21.
Qh4 Kf8 22. Rh3 Ke8 23. Rdh1 Kd7 24. Qf2 Qa5 25. Rh7 Rg8 26. Qg3 Qd2 27. Rc1 f5
28. Rhh1 fxe4 29. Rhd1 Qa5 30. fxe4 Be5 31. Qf3 Rf8 32. Nf6+ Ke6 33. Nd5 f5 34.
exf5+ Rxf5 35. Qh3 Bd4 36. Nf4+ Kf6 37. Nd3 Qb6 38. Rf1 Rxf1 39. Rxf1+ Kg7 40.
Qd7+ Kh6 41. Qe7 Bg1 42. Nf4 Qd4 43. Qh4+ Kg7 44. Ne6+ 1-0

[Event "Druzynowe Mistrzostwa Polski Juniorow - II Liga"]
[Site "Iwonicz"]
[Date "2016-07-31"]
[Round "9.13"]
[White "Raczynski, Krzysztof"]
[Black "Klementowski, Dawid"]
[Result "1-0"]
[WhiteTitle "I++"]
[BlackTitle "I"]
[WhiteElo "2074"]
[BlackElo "2000"]

1. e4 c5 2. Nf3 e6 3. d4 cxd4 4. Nxd4 a6 5. Bd3 g6 6. Nc3 Bg7 7. Be3 Ne7 8. f4
d5 9. e5 b6 10. Qd2 Nd7 11. h4 Nc5 12. h5 Bd7 13. O-O-O Qc7 14. hxg6 hxg6 15.
Rxh8+ Bxh8 16. Rh1 O-O-O 17. Rh7 Rf8 18. g3 Kb7 19. Kb1 Nc6 20. Nxc6 Qxc6 21.
Ne2 g5 22. Nd4 Qc7 23. Nb3 gxf4 24. gxf4 Nxb3 25. axb3 a5 26. b4 a4 27. b5 f6
28. f5 fxe5 29. fxe6 Rd8 30. Bg5 a3 31. Bxd8 Qc5 32. Rxd7+ Ka8 33. Qc3 Qg1+ 34.
Ka2 Qa1+ 35. Kxa1 axb2+ 36. Kb1 e4 37. Qc8# 1-0

[Event "Druzynowe Mistrzostwa Polski Juniorow - II Liga"]
[Site "Iwonicz"]
[Date "2016-07-31"]
[Round "9.15"]
[White "Mietkiewicz, Jacek"]
[Black "Grochol, Kamil"]
[Result "1-0"]
[WhiteTitle "I"]
[BlackTitle "II+"]
[WhiteElo "1687"]
[BlackElo "1648"]

1. d4 Nf6 2. c4 e6 3. Nc3 Bb4 4. e3 O-O 5. Nge2 d6 6. a3 Bxc3+ 7. Nxc3 Nbd7 8.
e4 b6 9. Bd3 e5 10. d5 Ne8 11. b4 a5 12. Bd2 f5 13. exf5 axb4 14. axb4 Rxa1 15.
Qxa1 e4 16. Nxe4 Ne5 17. Bc2 Bxf5 18. O-O Bxe4 19. Bxe4 Qh4 20. f3 Nxc4 21. Be1
Qh5 22. Qd4 Ne5 23. Bg3 Ng6 24. Qd3 Nf4 25. Qd2 Qh6 26. Bxf4 Qxf4 27. Qxf4 Rxf4
28. Rc1 Rf7 29. Kf2 Nf6 30. Bf5 Re7 31. Be6+ Kf8 32. h4 h6 33. f4 g5 34. hxg5
hxg5 35. g4 gxf4 36. Kf3 Kg7 37. Kxf4 Kg6 38. b5 Ne8 39. Re1 Nf6 40. Rc1 Ne8 41.
Re1 Ng7 42. Bf5+ Kf7 43. Rxe7+ Kxe7 44. Kg5 Ne8 45. Kg6 Nf6 46. Be6 Ne4 47. g5
Nc3 48. Kh7 Ne4 49. g6 Nf6+ 50. Kh8 Kf8 51. g7+ 1-0

[Event "Druzynowe Mistrzostwa Polski Juniorow - II Liga"]
[Site "Iwonicz"]
[Date "2016-07-31"]
[Round "9.16"]
[White "Oles, Martin"]
[Black "Lepski, Maksymilian"]
[Result "1-0"]
[WhiteTitle "II"]
[BlackTitle "II"]
[WhiteElo "1485"]
[BlackElo "1442"]

1. e4 Nf6 2. e5 Nd5 3. d4 d6 4. c4 Nb6 5. f4 dxe5 6. fxe5 Nc6 7. Be3 Bf5 8. Nf3
Bg4 9. Nc3 e6 10. Be2 Qd7 11. O-O O-O-O 12. a3 Bxf3 13. Rxf3 Nxd4 14. Bxd4 Qxd4+
15. Qxd4 Rxd4 16. Rxf7 Nxc4 17. Nb5 Nxe5 18. Rxf8+ Rxf8 19. Nxd4 Re8 20. Re1 Re7
21. Bf1 c5 22. Nb3 Nd7 23. Bb5 b6 24. Kf2 Nf8 25. Nd2 Kb7 26. Nf3 a6 27. Bd3 b5
28. Be4+ Kc7 29. Rd1 g6 30. Ne5 Re8 31. Ke3 Re7 32. h4 Rg7 33. Bc6 g5 34. h5 h6
35. Rf1 Rg8 36. Rf7+ Kb6 37. b4 1-0

[Event "Druzynowe Mistrzostwa Polski Juniorow - II Liga"]
[Site "Iwonicz"]
[Date "2016-07-31"]
[Round "9.17"]
[White "Szelag, Zuzanna"]
[Black "Kucharska, Honorata"]
[Result "0-1"]
[WhiteTitle "I++"]
[BlackTitle "k"]
[WhiteElo "1732"]
[BlackElo "1855"]

1. e4 Nf6 2. e5 Nd5 3. d4 d6 4. c4 Nb6 5. exd6 cxd6 6. Nc3 g6 7. Nf3 Bg4 8. Be2
Bg7 9. Be3 O-O 10. O-O d5 11. c5 Nc4 12. Bxc4 dxc4 13. h3 Bf5 14. Re1 Nc6 15.
Qa4 Bd3 16. Ne2 e5 17. dxe5 Nxe5 18. Nd2 b5 19. Qd1 Nc6 20. a3 Bxb2 21. Ra2 Bg7
22. Nf4 Ne5 23. Nf3 Bf5 24. Qe2 Nd3 25. Rd1 Nxf4 26. Bxf4 Bd3 27. Qd2 Qd5 28.
Bd6 Rfe8 29. Re1 c3 30. Rxe8+ Rxe8 0-1

[Event "Druzynowe Mistrzostwa Polski Juniorow - II Liga"]
[Site "Iwonicz"]
[Date "2016-07-31"]
[Round "9.18"]
[White "Cieslak, Jessica"]
[Black "Furtak, Joanna"]
[Result "0-1"]
[WhiteTitle "II"]
[BlackTitle "I+"]
[WhiteElo "1189"]
[BlackElo "1686"]

1. e4 e5 2. Nf3 Nc6 3. Bc4 Bc5 4. d3 Nf6 5. Bb3 d6 6. h3 Be6 7. Ba4 h6 8. c3 Bb6
9. O-O O-O 10. Bc2 Qe7 11. d4 Bd7 12. Re1 Rae8 13. dxe5 dxe5 14. b4 a6 15. Ba3
Nb8 16. c4 c5 17. bxc5 Bxc5 18. Bxc5 Qxc5 19. Bb3 Rd8 20. Qe2 Nc6 21. Nc3 Nh5
22. Nd5 Nf4 23. Qd2 Be6 24. Red1 f6 25. Qc1 Ne2+ 26. Kf1 Nxc1 27. Raxc1 Rf7 28.
Ba4 Na5 29. Nxf6+ Rxf6 30. Rxd8+ Rf8 31. Rdd1 Bxc4+ 32. Kg1 Qb4 33. Bc2 Be2 34.
Re1 Bxf3 35. gxf3 Rxf3 36. Kg2 Rf8 37. Red1 Qe7 38. Rd5 Qg5+ 39. Kf1 Qxc1+ 0-1

[Event "Druzynowe Mistrzostwa Polski Juniorow - II Liga"]
[Site "Iwonicz"]
[Date "2016-07-31"]
[Round "9.19"]
[White "Golenia, Wojciech"]
[Black "Leskiewicz, Ignacy"]
[Result "1/2-1/2"]
[WhiteTitle "I+"]
[BlackTitle "I"]
[WhiteElo "1967"]
[BlackElo "1921"]

1. e4 c5 2. Nc3 d6 3. g3 g6 4. Bg2 Bg7 5. d3 e6 6. Nf3 Ne7 7. O-O O-O 8. Bg5 Nbc6
9. Qd2 d5 10. exd5 exd5 11. Rfe1 Be6 12. Bh6 Qd7 13. Bxg7 Kxg7 14. Ne2 Bh3 15.
Qc3+ d4 16. Qxc5 Bxg2 17. Kxg2 b6 18. Qg5 f6 19. Qd2 Rae8 20. Rad1 g5 21. c4 Ng6
22. h4 Nge5 23. Neg1 Qb7 24. Kh2 h5 25. Nxe5 Nxe5 26. f4 Ng4+ 27. Qg2 Rh8+ 28.
Nh3 1/2-1/2

[Event "Druzynowe Mistrzostwa Polski Juniorow - II Liga"]
[Site "Iwonicz"]
[Date "2016-07-31"]
[Round "9.20"]
[White "Krol, Marcin"]
[Black "Golenia, Jan"]
[Result "1-0"]
[WhiteTitle "I"]
[BlackTitle "I"]
[WhiteElo "1626"]
[BlackElo "1860"]

1. Nf3 Nf6 2. d4 g6 3. c4 Bg7 4. Nc3 O-O 5. e4 d6 6. Be2 e5 7. dxe5 dxe5 8. O-O
Nc6 9. Be3 Bg4 10. Rc1 Re8 11. Re1 Bxf3 12. Bxf3 Nd4 13. Bxd4 exd4 14. Nd5 Nd7
15. g3 c6 16. Nf4 Bh6 17. Qxd4 Ne5 18. Qc3 Qf6 19. Bg2 Bxf4 20. gxf4 Qxf4 21.
Rcd1 Rad8 22. b3 Nd7 23. Qg3 Qxg3 24. hxg3 Nc5 25. f3 Nd3 26. Re2 Nf4 27. Red2
Ne6 28. Rd7 Rxd7 29. Rxd7 Nc5 30. Rc7 a5 31. Kf2 Kg7 32. Bh3 Rd8 33. Ke2 Nd3 34.
Rxb7 Nc1+ 35. Ke3 Rd3+ 36. Kf2 Rd2+ 37. Ke3 Rxa2 38. Be6 Nxb3 39. Rxf7+ Kh8 40.
Rc7 c5 41. Bd7 a4 42. Ra7 a3 43. e5 Ra1 44. e6 a2 45. Kf4 Re1 46. Rxa2 Nd4 47.
Ra8+ Kg7 48. Re8 Ne2+ 49. Kg4 Rg1 50. Kh4 Rxg3 51. Re7+ Kh6 52. f4 Rf3 53. Rf7
Rxf4+ 54. Rxf4 g5+ 55. Kg4 Nxf4 56. e7 Ng6 57. e8=Q 1-0